00546nam a22001937a 450000500170000001000290001702000260004603500270007203700130009903700210011208200080013310000160014124500480015726000450020527000530025030000270030350000190033070000030034920110628104948.0 aENG-102862 B-452275-279 a9788190722469c180.00 aEN-86395 B-452275-279 bDBAD/PUB bVirtuous Pub/Ven a671 aYadav, K.S. aManufacturing processes /cby K.S.Yadavb  aNew DelhibVayu Education of Indiac2009 a2/25, Ansari Road, Darya GanjbNew Delhie1100022 axiii,310p c24cm (pbk) aIncludes index